000 00618nam a2200193 i 4500
001 27388
003 ES-MaACL
005 20240515063029.0
007 t|
008 030114s1978 sp ||||1| spa d
100 1 _aAyala, Francisco,
_d1906-2009
_924111
245 1 0 _aIntroducción a las Ciencias Sociales /
_cFrancisco Ayala.
260 _a[Madrid] :
_bAguilar,
_c[1978]
300 _aXX, 309 p. ;
_c22 cm.
490 1 _aBiblioteca de Iniciación a la Sociología
830 0 _aBiblioteca de Iniciación a la Sociología
_9229212
852 _aES-MaACL
_jA-9726
_bR.98211
999 _c27388
_d27388